000 00463cam a2200145 4500500
005 20251012011641.0
041 _afre
042 _adc
100 1 0 _aDenieuil, Marie
_eauthor
245 0 0 _aPourquoi regarde-t-on sa montreĀ ?
260 _c2017.
500 _a58
786 0 _nPhilosophie magazine | 110 | 6 | 2017-06-01 | p. 35-35 | 1951-1787
856 4 1 _uhttps://shs.cairn.info/magazine-philosophie-magazine-2017-6-page-35?lang=fr&redirect-ssocas=7080
999 _c1523881
_d1523881